Naše svatba / text Floriana Brianti ; illustrace Claudia Bordin

Hlavní autor: Brianti, Floriana
Další autoři: Bordin, Claudia, Landová, Lenka
Jazyk: Čeština
Vydáno: Praha : Dobrovský s.r.o., 2018
Edice: Knihy Omega
Témata:
Fyzický popis: 79 stran : barevné ilustrace ; 26 cm
Knihy
Uloženo v:
LEADER 01905nam a2200541 i 4500
001 nkc20193156342
003 CZ PrNK
005 20191209092628.0
007 ta
008 191030s2018 xr a e 000 0 cze
015 |z cnb003156342 
020 |a 978-80-7585-125-3  |q (vázáno) 
040 |a BOA001  |b cze  |e rda 
041 1 |a cze  |h ita 
072 7 |a 392  |x Zvyky, mravy, obyčeje v soukromém životě  |2 Konspekt  |9 1 
080 |a 392.51  |2 MRF 
080 |a (059.3)  |2 MRF 
080 |a (084.026.6)  |2 MRF 
100 1 |a Brianti, Floriana  |4 aut 
245 1 0 |a Naše svatba /  |p text Floriana Brianti ; illustrace Claudia Bordin 
264 1 |a Praha :  |b Dobrovský s.r.o.,  |c 2018 
300 |a 79 stran :  |b barevné ilustrace ;  |c 26 cm 
336 |a text  |b txt  |2 rdacontent 
336 |a statický obraz  |b sti  |2 rdacontent 
337 |a bez média  |b n  |2 rdamedia 
338 |a svazek  |b nc  |2 rdacarrier 
490 1 |a Knihy Omega 
500 |a Název z obálky 
500 |a Z italštiny? přeložila Lenka Landová 
500 |a Na obálce údaj o odpovědnosti chybně, správně je: ilustrace Claudia Bordin 
500 |a V tiráži chybně vročení 2018, správně je: 2019 
500 |a Kniha se stužkami na svázání a vlepenou kapsou na zadním přídeští 
650 0 7 |a svatba  |7 ph126295  |2 czenas 
650 0 7 |a svatební zvyky  |7 ph137516  |2 czenas 
650 0 9 |a wedding  |2 eczenas 
650 0 9 |a wedding customs  |2 eczenas 
655 7 |a zápisníky  |7 fd133889  |2 czenas 
655 7 |a alba  |7 fd131786  |2 czenas 
655 9 |a notebooks  |2 eczenas 
655 9 |a albums  |2 eczenas 
700 1 |a Bordin, Claudia  |7 mzk20191056755  |4 ill 
700 1 |a Landová, Lenka  |7 xx0147020  |4 trl 
830 0 |a Knihy Omega  |0 s 
910 2 |a BOA001  |b 3-1434.957 
990 |a BK 
995 |a 11 
991 |b 201911  |c NOV 
996 6 |b 2610803860  |c 3-1434.957  |l MZK  |r Sklad / do 1 hodiny  |n 2  |p p.v.  |w 001766129  |u 000010  |a 1  |e BOA001  |j MZK50  |s P